Song Lyrics: Rammstein - Amerika - Statistics

General Stats
  • This quiz has been taken 468 times
    467 since last reset
  • The average score is 168 of 244
Answer Stats
Text % Correct
a
100%
am
100%
I
99%
Amerika,
98%
Amerika
98%
Amerika.
98%
in
97%
living
96%
all
93%
wer
93%
is
89%
We're
87%
wunderbar.
86%
ist
82%
er
81%
Coca-Cola,
67%
Maus.
62%
Mickey
62%
und
60%
Und
60%
ich
59%
Ich
59%
No,
58%
Wir
57%
Paris
55%
Santa
55%
Claus
53%
This
53%
this
53%
love
52%
not
51%
song.
51%
Die
48%
die
48%
ein
45%
kommt
45%
vor
45%
war.
45%
don't
44%
sometimes
44%
steht
44%
lieben
43%
will
43%
mother
41%
my
41%
Wenn
41%
wenn
41%
Afrika
40%
weiß
39%
Reigen.
38%
einen
37%
euch
37%
ihr
37%
Wonderbra.
37%
aus
36%
führen.
36%
Haus
36%
tanzen
35%
tongue.
35%
Weißen
34%
dem
33%
kontrollieren,
33%
Musik
33%
Nach
33%
Auch
32%
bilden
32%
richtig
32%
zeige
32%
geht.
31%
muss.
31%
nicht
31%
nicht,
31%
Geigen,
30%
alleine
29%
allen
28%
sing
28%
dreht.
27%
werde
27%
Freiheit
26%
dass
25%
noch
25%
spielt
25%
wenig
25%
wird
25%
getanzt
23%
Lässt
23%
Schluss,
23%
wie's
23%
Richtung
22%
zeigen.
22%
nützen,
18%
schützen.
18%
Fehltritt
10%
kenne
10%
Schritte,
10%
sehr
10%
No matching quizzes found
Score Distribution
Percent of People with Each Score
Percentile by Number Answered
Your Score History
You have not taken this quiz since the last reset